Nuevo manual de ciencia política
Uloženo v:
| Hlavní autor: | |
|---|---|
| Médium: | Kniha |
| Jazyk: | španělština |
| Vydáno: |
Madrid
Istmo
2001
|
| Edice: | Colección Fundamentos, 165
|
| Témata: | |
| Tagy: |
Přidat tag
Žádné tagy, Buďte první, kdo vytvoří štítek k tomuto záznamu!
|
MARC
| LEADER | 00000nam a2200000 a 4500 | ||
|---|---|---|---|
| 001 | UCM3118 | ||
| 003 | CL-VaPUC | ||
| 008 | 020628e20010000SP |||||||||||||||||spa|d | ||
| 082 | 0 | 4 | |a 320 |b GOO |2 21 |
| 100 | 0 | |a Goodin, Robert E |e author |9 469840 | |
| 245 | 1 | 0 | |a Nuevo manual de ciencia política |
| 300 | |a v | ||
| 942 | |c BK | ||
| 945 | |d 20020628 00:00:00 |a vberengu | ||
| 260 | |a Madrid |b Istmo |c 2001 | ||
| 650 | 0 | |a Ciencias Políticas |9 255201 | |
| 650 | 0 | |a Instituciones políticas |9 255506 | |
| 650 | 7 | |a COMPORTAMIENTO POLITICO |2 CL-VaPUC |9 335468 | |
| 650 | 7 | |a TEORIA POLITICA |2 CL-VaPUC |9 469841 | |
| 650 | 0 | |a Relaciones Internacionales |9 255740 | |
| 650 | 0 | |a Políticas públicas |9 309677 | |
| 650 | 0 | |a Economía política |9 255814 | |
| 583 | |a last modification |c 20020628 00:00:00 |k Rodrigo Vera | ||
| 490 | 0 | |a Colección Fundamentos, 165 | |
| 999 | |c 300616 |d 300614 | ||
| 952 | |0 0 |1 0 |4 0 |6 320_000000000000000_GOO_2001 |7 0 |8 A |9 358601 |a BIBHIS |b BIBHIS |d 2019-11-21 |h v.1 |i 3823350 |o 320 GOO 2001 |p 3823350 |r 2025-01-20 |w 2019-11-21 |y BK |k HIS | ||
| 952 | |0 0 |1 0 |4 0 |6 320_000000000000000_GOO_2001 |7 0 |8 A |9 358602 |a BIBHIS |b BIBHIS |d 2019-11-21 |h v.2 |i 3823369 |o 320 GOO 2001 |p 3823369 |r 2025-01-20 |w 2019-11-21 |y BK |k HIS | ||
| 952 | |0 0 |1 0 |4 0 |6 320_000000000000000_GOO_2001 |7 0 |8 A |9 358603 |a BIBHIS |b BIBHIS |d 2019-11-21 |h v.1 |i 3825663 |o 320 GOO 2001 |p 3825663 |r 2025-01-20 |w 2019-11-21 |y BK |k HIS | ||
| 952 | |0 0 |1 0 |4 0 |6 320_000000000000000_GOO_2001 |7 0 |8 A |9 358604 |a BIBHIS |b BIBHIS |d 2019-11-21 |h v.2 |i 3825671 |o 320 GOO 2001 |p 3825671 |r 2025-01-20 |w 2019-11-21 |y BK |k HIS | ||